[Event "GER GM07-B email"]
[Site "GER email"]
[Date "2018.06.19"]
[Round "?"]
[White "Iotov, Valentin Dimitrov"]
[Black "Copar, Anton"]
[Result "1/2-1/2"]
[WhiteElo "2567"]
[BlackElo "2527"]
[PlyCount "98"]
[EventDate "2018.??.??"]
[EventType "tourn (corr)"]
[EventRounds "13"]
[EventCountry "GER"]
[SourceTitle "Corr 2020"]
[Source "ChessBase"]
[SourceDate "2019.09.30"]
[SourceVersion "1"]
[SourceVersionDate "2019.09.30"]
[SourceQuality "1"]

1. d4 d5 2. c4 dxc4 3. Nf3 Nf6 4. e3 e6 5. Bxc4 c5 6. 0-0 a6 7. a4 Nc6 8. Qe2 cxd4 9. Rd1 Be7 10. exd4 0-0 11. Nc3 Nb4 12. Ne5 Bd7 13. Bf4 Be8 14. Bg5 Nfd5 15. Bxd5 Nxd5 16. Nxd5 Bxg5 17. Nc3 Qd6 18. d5 exd5 19. Rxd5 Qe6 20. Rad1 f6 21. Nd7 Qxe2 22. Nxe2 Rf7 23. f4 Bh6 24. Nb6 Rb8 25. g3 Re7 26. Nc3 Kf7 27. Rd6 Re6 28. Rxe6 Kxe6 29. b4 g5 30. fxg5 fxg5 31. Ne4 Bc6 32. Nd7 Re8 33. Ndc5+ Ke5 34. Nd6 Re7 35. Nc8 Re8 36. Re1+ Kd5 37. Ne7+ Kc4 38. Rc1+ Kxb4 39. Nxc6+ bxc6 40. Nxa6+ Kxa4 41. Rxc6 Bg7 42. Nc7 Rc8 43. Kf2 Be5 44. Ra6+ Kb4 45. Ne6 Rc2+ 46. Kf3 Rxh2 47. Nxg5 Rd2 48. g4 Rd6 49. Rxd6 Bxd6 1/2-1/2

[Event "GER GM07-B email"]
[Site "GER email"]
[Date "2018.06.19"]
[Round "?"]
[White "Iotov, Valentin Dimitrov"]
[Black "Pirs, Matjaz"]
[Result "1/2-1/2"]
[WhiteElo "2567"]
[BlackElo "2513"]
[PlyCount "93"]
[EventDate "2018.??.??"]
[EventType "tourn (corr)"]
[EventRounds "13"]
[EventCountry "GER"]
[SourceTitle "Corr 2020"]
[Source "ChessBase"]
[SourceDate "2019.09.30"]
[SourceVersion "1"]
[SourceVersionDate "2019.09.30"]
[SourceQuality "1"]

1. d4 f5 2. g3 Nf6 3. Bg2 g6 4. Nf3 Bg7 5. 0-0 0-0 6. b4 d5 7. a4 a5 8. b5 Nbd7 9. Nbd2 Nb6 10. Ne5 Ne4 11. Nxe4 fxe4 12. Bf4 Bf5 13. Qd2 Qd6 14. h3 c5 15. bxc6 bxc6 16. Rab1 c5 17. dxc5 Qxc5 18. Rb5 Qd6 19. c4 Bxe5 20. Bxe5 Qxe5 21. Rxb6 dxc4 22. g4 Be6 23. Rb5 c3 24. Qe3 Bd5 25. Rc1 e6 26. Rxc3 Rac8 27. Rxc8 Rxc8 28. Rxa5 Qc7 29. Rb5 Qc1+ 30. Qxc1 Rxc1+ 31. Kh2 Rc2 32. Bf1 Rc1 33. Kg1 Ra1 34. Rb4 Bc6 35. Rb6 Bd5 36. Rb4 Bc6 37. e3 Rxa4 38. Rb8+ Kg7 39. Rc8 Bd5 40. Rc7+ Kg8 41. g5 Ra8 42. Kg2 Rf8 43. Bc4 Rf5 44. h4 Rf7 45. Rc8+ Rf8 46. Rc5 Rf5 47. Kg3 1/2-1/2

[Event "GER GM07-B email"]
[Site "GER email"]
[Date "2018.06.19"]
[Round "?"]
[White "Vinchev, Simeon"]
[Black "Iotov, Valentin Dimitrov"]
[Result "1/2-1/2"]
[WhiteElo "2481"]
[BlackElo "2567"]
[PlyCount "99"]
[EventDate "2018.??.??"]
[EventType "tourn (corr)"]
[EventRounds "13"]
[EventCountry "GER"]
[SourceTitle "Corr 2022"]
[Source "ChessBase"]
[SourceDate "2021.10.24"]
[SourceVersion "1"]
[SourceVersionDate "2021.10.24"]
[SourceQuality "1"]

1. d4 f5 2. Bf4 Nf6 3. e3 g6 4. h4 h6 5. Nc3 d6 6. Qf3 e6 7. 0-0-0 Nc6 8. e4 Qe7 9. exf5 gxf5 10. Nh3 Bd7 11. Bc4 0-0-0 12. d5 Na5 13. dxe6 Nxc4 14. exd7+ Nxd7 15. Qd5 Ncb6 16. Qxf5 Bg7 17. Rhe1 Qxh4 18. Nb5 Rhf8 19. Qe4 a6 20. Nxc7 Nc5 21. Qb4 Nca4 22. c3 a5 23. Qe4 Nc5 24. Qe7 Rxf4 25. Qxg7 Rg4 26. Qe7 Qxe7 27. Rxe7 Rd7 28. Rxd7 Nbxd7 29. Nb5 Rxg2 30. Rxd6 Rh2 31. Rxh6 Nd3+ 32. Kc2 N7c5 33. Rh8+ Kd7 34. Rh7+ Kc6 35. Nd4+ Kd6 36. Rh6+ Ke7 37. Rh7+ Kd6 38. Nf5+ Kc6 39. Rh6+ Kd7 40. Rh7+ Kc6 41. b3 b5 42. Ne7+ Kb6 43. Nc8+ Kc6 44. Na7+ Kb6 45. Nc8+ Kc6 46. Ne7+ Kb6 47. Nd5+ Kc6 48. Rh6+ Kxd5 49. Nf4+ Nxf4 50. Rxh2 1/2-1/2